00642nam a22001817a 4500003000900000005001700009008004100026020001500067040002300082082001300105100002200118245011000140260005200250300003300302504005200335650001200387650006100399BDDh-ASL20231015025718.0201012s1993 i ||||| |||| 00| 0 eng d a8185618216 aBDDh-ASLcBDDh-ASL a954bTON1 aTomlinson, B. R. 14aThe New Cambridge History of India, Vol-3: bthe Economy of Modern India 1860-1970/cby B. R. Tomlinson.  aNew Delhi:bCambridge University Press, c1993. av-3, xvii, 235 p. :c23 cm.  aIncludes bibliographical references and index.  0aHistory 0aIndian HistoryxPolitics and Government xEconomyzIndia